| 000 | 00690nam a22002057a 4500 | ||
|---|---|---|---|
| 020 | _a0070072434 | ||
| 082 |
_a620.106 _bBRA _cL-26, P-73 |
||
| 100 |
_aBrater, Ernest F. _940689 |
||
| 245 |
_aHandbook of Hydraulics for the solution of hydraulic engineering problems _cBrater, Ernest F. |
||
| 250 | _a6th | ||
| 260 |
_aNew York _bMcGraw Hill Book Compny _c1976 |
||
| 300 |
_averable pages _bill, _c20 cm. |
||
| 526 |
_a0 _b0 _c0 _d620_106000000000000_BRA |
||
| 526 |
_a0 _b0 _c0 _d620_106000000000000_BRA |
||
| 526 |
_a0 _b0 _c0 _d620_106000000000000_BRA |
||
| 526 |
_a0 _b0 _c0 _d620_106000000000000_BRA |
||
| 526 |
_a0 _b0 _c0 _d620_106000000000000_BRA |
||
| 650 |
_aMCE _9379 |
||
| 942 |
_2ddc _cBK |
||
| 999 |
_c544943 _d544943 |
||